Confronting the demon : (Record no. 39351)
[ view plain ]
| 000 -LEADER | |
|---|---|
| fixed length control field | 00953cam a22002414a 4500 |
| 001 - CONTROL NUMBER | |
| control field | 13432104 |
| 005 - DATE AND TIME OF LATEST TRANSACTION | |
| control field | 20150811111218.0 |
| 008 - FIXED-LENGTH DATA ELEMENTS--GENERAL INFORMATION | |
| fixed length control field | 031211s2003 mnu b 001 0 eng |
| 020 ## - INTERNATIONAL STANDARD BOOK NUMBER | |
| International Standard Book Number | 0814630162 (pbk : alk. paper) |
| 040 ## - CATALOGING SOURCE | |
| Original cataloging agency | DLC |
| Transcribing agency | DLC |
| Modifying agency | DLC |
| 042 ## - AUTHENTICATION CODE | |
| Authentication code | pcc |
| 100 1# - MAIN ENTRY--PERSONAL NAME | |
| Personal name | Arbuckle, Gerald A. |
| 245 10 - TITLE STATEMENT | |
| Title | Confronting the demon : |
| Remainder of title | a gospel response to adult bullying / |
| Statement of responsibility, etc | Gerald A. Arbuckle. |
| 260 ## - PUBLICATION, DISTRIBUTION, ETC. (IMPRINT) | |
| Place of publication, distribution, etc | Collegeville, Minn. : |
| Name of publisher, distributor, etc | Liturgical Press, |
| Date of publication, distribution, etc | c2003. |
| 300 ## - PHYSICAL DESCRIPTION | |
| Extent | 152 p. ; |
| Dimensions | 21 cm. |
| 504 ## - BIBLIOGRAPHY, ETC. NOTE | |
| Bibliography, etc | Includes bibliographical references (p. [138]-152). |
| 505 0# - FORMATTED CONTENTS NOTE | |
| Formatted contents note | Adult bullying : definition and types -- Bullies and victims -- Cultures of bullying -- A gospel response. |
| 610 20 - SUBJECT ADDED ENTRY--CORPORATE NAME | |
| Corporate name or jurisdiction name as entry element | Catholic Church |
| General subdivision | Doctrines. |
| 650 #0 - SUBJECT ADDED ENTRY--TOPICAL TERM | |
| Topical term or geographic name as entry element | Bullying |
| General subdivision | Religious aspects |
| -- | Catholic Church. |
| 650 #0 - SUBJECT ADDED ENTRY--TOPICAL TERM | |
| Topical term or geographic name as entry element | Christian sociology |
| General subdivision | Catholic Church. |
| 856 41 - ELECTRONIC LOCATION AND ACCESS | |
| Materials specified | Table of contents |
| Uniform Resource Identifier | <a href="http://www.loc.gov/catdir/toc/ecip0412/2003027080.html">http://www.loc.gov/catdir/toc/ecip0412/2003027080.html</a> |
| 942 ## - ADDED ENTRY ELEMENTS (KOHA) | |
| Source of classification or shelving scheme | Library of Congress Classification |
| Item type | Books |
| Withdrawn status | Lost status | Source of classification or shelving scheme | Damaged status | Not for loan | Home library | Current library | Shelving location | Date acquired | Source of acquisition | Cost, normal purchase price | Inventory number | Total Checkouts | Full call number | Barcode | Date last seen | Price effective from | Koha item type |
|---|---|---|---|---|---|---|---|---|---|---|---|---|---|---|---|---|---|
| Library of Congress Classification | BSOP Library | BSOP Library | GC | 08/11/2015 | Claretian | 250.00 | 37240 | BX1795.B84 Ar1 2003 | 00047240 | 08/11/2015 | 08/11/2015 | Books |
